000 005470000a22002050004500
999 _c47346
_d47346
001 88
003 CO-MdFUSB
005 20170926150649.0
008 170926b xxu||||| |||| 00| 0 eng d
020 _a0-7899-1181-7
040 _cCO-MdBIC
082 0 4 _a868HC St104l
100 1 _aJohn, Patricia St.
245 1 0 _aEl lugar seguro / Patricia St. John, il. : Jeff Anderson
260 _aMiami : Unilit
300 _a[ 24 P. ]
505 0 0 _aLa historia de Jesucristo que murio para salvacĂ­on
650 1 4 _aLiteratura Infantil
942 _cLGB